Carta pastoral para el vigésimo quinto aniversario de Caritas Chile
Gespeichert in:
| Körperschaft: | |
|---|---|
| Format: | Buch |
| Sprache: | Spanisch |
| Veröffentlicht: |
Santiago
Episcopado de Chile
1981
|
| Schlagworte: | |
| Tags: |
Tag hinzufügen
Keine Tags, Fügen Sie den ersten Tag hinzu!
|
MARC
| LEADER | 00000nam a2200000 a 4500 | ||
|---|---|---|---|
| 001 | UCI6778 | ||
| 003 | CL-VaPUC | ||
| 008 | 080523e19810000CL |||||||||||||||||spa|d | ||
| 082 | 0 | 4 | |a 282.83 |b COM |2 21 |
| 110 | 2 | |a Comité Permanente del Episcopado de Chile |e author |9 529771 | |
| 245 | 1 | 0 | |a Carta pastoral para el vigésimo quinto aniversario de Caritas Chile |
| 300 | |a 27 p | ||
| 942 | |c BK | ||
| 945 | |d 20080523 00:00:00 |a jtorresc | ||
| 260 | |a Santiago |b Episcopado de Chile |c 1981 | ||
| 500 | |a Donación Padres Capuchinos | ||
| 650 | 7 | |a CARIDAD |2 CL-VaPUC |9 307339 | |
| 650 | 0 | |a Iglesia Católica |9 256114 | |
| 650 | 0 | |a Cristianos |9 257805 | |
| 583 | |a last modification |c 20080523 00:00:00 |k Rodrigo Vera | ||
| 999 | |c 330227 |d 330225 | ||
| 952 | |0 0 |1 0 |4 0 |6 282_830000000000000_COM_1981 |7 0 |8 X |9 415665 |a FDOBUD |b FDOBUD |d 2019-11-22 |i 4442741 |o 282.83 COM 1981 |p 4442741 |r 2019-11-22 |w 2019-11-22 |y BK_X |k BUD | ||